European Cities by Satellite Image - Statistics

General Stats
  • This quiz has been taken 255 times
  • The average score is 6 of 10
Answer Stats
Picture Answer % Correct
Naples
83%
Athens
68%
Rotterdam
64%
Helsinki
61%
Moscow
60%
Budapest
59%
Copenhagen
56%
Geneva
45%
Dublin
43%
Riga
29%
No matching quizzes found
Score Distribution
Percent of People with Each Score
Percentile by Number Answered
Your Score History
You have not taken this quiz